El señor presidente

Na minha lista:
Detalhes bibliográficos
Autor principal: Asturias, Miguel Angel (Author)
Formato: Livro
Idioma:espanhol
Publicado em: Madrid Cátedra 1999
Edição:2a. ed
Colecção:Letras hispánicas, 423
Assuntos:
Tags: Adicionar Tag
Sem tags, seja o primeiro a adicionar uma tag!

MARC

LEADER 00000nam a2200000 a 4500
001 UCH5423
003 CL-VaPUC
008 091014e19990000SP |||||||||||||||||spa|d
020 |a 8437615178 
082 0 4 |a Gu863  |b AST  |2 21 
100 0 |a Asturias, Miguel Angel  |e author  |9 309802 
245 1 3 |a El señor presidente 
250 |a 2a. ed 
300 |a 428 p 
942 |c BK 
945 |d 20091014 00:00:00  |a lazolas 
260 |a Madrid  |b Cátedra  |c 1999 
650 0 |a Novelas guatemaltecas  |9 315656 
650 7 |a LITERATURA GUATEMALTECA  |2 CL-VaPUC  |9 349968 
583 |a last modification  |c 20091014 00:00:00  |k Rodrigo Vera 
490 0 |a Letras hispánicas, 423 
999 |c 336563  |d 336561